ბათუმის შოთა რუსთაველის სახელმწიფო უნივერსიტეტის ბიბლიოთეკა

Активные процессы в современном русском языке = თანამედროვე რუსული ენის აქტიური პროცესები : (ბიბ.ჩანაწერი № 55229)

000 -ლიდერი
ფიქსირებული სიგრძის საკონტროლო ველი 01237nam a2200277Ia 4500
001 - საკონტროლო ნომერი
საკონტროლო ველი 22304
003 - საკონტროლო ნომრის იდენტიფიკატორი
საკონტროლო ველი GE_BSU
005 - ბოლო ოპერაციის თარიღი და დრო
საკონტროლო ველი 20230307173115.0
008 - ფიქსირებული სიგრძის მონაცემთა ელემენტები - ზოგადი ინფორმაცია
ფიქსირებული სიგრძის საკონტროლო ველი 181216s2008||||ge |||||||||||||| ||geo||
020 ## - წიგნის საერთაშორისო სტანდარტული ნომერი
International Standard Book Number 9789941130397
040 ## - კატალოგიზაციის წყარო
Transcribing agency GE_BSU
041 ## - ენის კოდი
Language code of text/sound track or separate title geo
080 ## - უნივერსალური ათობითი კლასიფიკაციის ინდექსი
Universal Decimal Classification number 811.161.1 Ч-75
100 ## - მთავარი ჩანაწერი - პიროვნების სახელი
Personal name Чохонелидзе, Натела
9 (RLIN) 17138
245 ## - ცნობა სათაურის შესახებ
Title Активные процессы в современном русском языке = თანამედროვე რუსული ენის აქტიური პროცესები :
Remainder of title курс лекций /
Statement of responsibility, etc Натела Чохонелидзе ; ред. Марина Алексидзе.
264 ## - წარმოების, გამოცემის, დისტრიბუციის და სხვა ცნობები
გამოცემის, წარმოების, დისტრიბუციის... ადგილი Тбилиси :
გამოცემის, წარმოების, დისტრიბუციის... სახელწოდება ТГУ,
გამოცემის, წარმოების, დისტრიბუციის... თარიღი 2008.
300 ## - ფიზიკური აღწერა
Extent 111 стр. ;
Dimensions 20 см.
504 ## - BIBLIOGRAPHY, ETC. NOTE
Bibliography, etc библиогр. ст. :109-111
653 ## - INDEX TERM--UNCONTROLLED
Uncontrolled term Активные процессы в современном русском языке
653 ## - INDEX TERM--UNCONTROLLED
Uncontrolled term курс лекций
653 ## - INDEX TERM--UNCONTROLLED
Uncontrolled term Русский язык
653 ## - INDEX TERM--UNCONTROLLED
Uncontrolled term თანამედროვე რუსული ენის აქტიური პროცესები
700 ## - ADDED ENTRY--PERSONAL NAME
Personal name Алексидзе, Марина
Relator term редактор
9 (RLIN) 17139
942 ## - ADDED ENTRY ELEMENTS (KOHA)
Koha item type წიგნი
Source of classification or shelving scheme
ეგზემპლარები
ჩამოწერის სტატუსი დაკარგული ეგზემპლარის სტატუსი კლასიფიკაციის წყარო ან თაროზე გაწყობის სქემა დაზიანების სტატუსი არ გაიცემა მუდმივი მდებარეობა (დაცვის ადგილი) ამჟამინდელი ადგილსამყოფელი თაროზე განთავსების ადგილი შეძენის თარიღი ღირებულება, შესყიდვის ნორმალური ფასი სრული შენახვის შიფრი შტრიხკოდი ბოლო ოპერაციის თარიღი ეგზემპლარის მიმდევრობითი ნომერი (კეტერი?) ფასის ძალაში შესვლის თარიღი ეგზემპლარის სახეობა საჯარო შენიშვნა
          ბათუმის შოთა რუსთაველის სახელმწიფო უნივერსიტეტის მთავარი ბიბლიოთეკა ბათუმის შოთა რუსთაველის სახელმწიფო უნივერსიტეტის მთავარი ბიბლიოთეკა წიგნსაცავი 2018-12-17 8.00 811.161.1 Ч-75 57516 2018-12-17 57516 2018-12-17 წიგნი 8.00 ₾.
          ბათუმის შოთა რუსთაველის სახელმწიფო უნივერსიტეტის მთავარი ბიბლიოთეკა ბათუმის შოთა რუსთაველის სახელმწიფო უნივერსიტეტის მთავარი ბიბლიოთეკა წიგნსაცავი 2018-12-17 8.00 811.161.1 Ч-75 57517 2018-12-17 57517 2018-12-17 წიგნი 8.00 ₾.